Statistiques concernant Histoire commençant par la lettre O

Cliquez ici pour prendre le quiz!

Statistiques générales

  • Ce quiz a été pris 1,437 fois
    (1,405 depuis la dernière actualisation)
  • Le résultat moyen est 14 sur 22

Statistiques - réponses

Indice Réponse % Correct
Jeanne d'Arc est souvent surnommée ainsiLa pucelle d'{Orléans}
95%
Fondée au XIème siècle, elle est la plus ancienne université britanniqueOxford
95%
Les premiers ont pris place en Grèce au VIIIème siècle av. JCJeux {Olympiques}
93%
La première cérémonie de ces récompenses cinématographiques a eu lieu en 1929Oscar du cinéma
93%
Cet empire ayant duré plus de 600 ans a connu son apogée sous le règne de Soliman le MagnifiqueOttoman
88%
La tentative d'interdiction de cette drogue a donné lieu à deux guerres entre la Chine et l'occident au milieu du XIXème siècleOpium
87%
L'un des deux chefs-d'oeuvre littéraires d'HomèreL'Odyssée
86%
Elle a duré de juin 1940 à juin 1944 en FranceOccupation allemande
80%
Il a écrit 1984 en 1948George Orwell
71%
Tandis que les Wisigoths sont à l'ouest, les territoires de cette autre branche germanique sont plus à l'estOstrogoth
66%
Monument monolithe élevé, utilisé dans l'architecture sacrée de l'Égypte antique.Obélisque
66%
Région historique du sud de la France s'étendant de la côte atlantique à la frontière italienne, arborant sur son drapeau une "croix d'or sur un champ de gueules"Occitanie
64%
Plage la plus meurtrière du débarquement de juin 1944Omaha beach
62%
On doit notamment les Métamorphoses à ce poète latinOvide
52%
Ils ont été signés par Yitzhak Rabin, Yasser Arafat et Bill Clinton en 1993 dans le but d'une résolution du conflit israélo-palestinienLes accords d'{Oslo}
50%
Le maure de Venise, personnage principal et éponyme d'une célèbre tragédie de ShakespeareOthello
46%
Ce cartel de pays a déclaré un embargo conduisant au premier choc pétrolier en 1973OPEP
45%
Archipel japonaise, théatre en 1945 d'une des plus grandes batailles de la Campagne du PacifiqueOkinawa
43%
Le 44èmeBarack Obama
35%
Nom de code de cette bataille de NormandieOpération Overlord
32%
Ce physicien américain est surnommé le "père de la bombe atomique"Robert Oppenheimer
26%
Civilisation précolombienne située au Mexique moderne, célèbre pour ses sculptures de têtes colossalesOlmèque
17%

Distribution des résultats

Percentile by Number Answered

% des personnes avec chaque résultat

Votre développement - résultats

Vous n’avez pas pris ce quiz depuis la dernière actualisation